| 000 | 00698nam a22001937a 4500 | ||
|---|---|---|---|
| 008 | 251008b ||||| |||| 00| 0 spa d | ||
| 020 | _a978-987-8902-61-6 | ||
| 040 |
_aAR-FvUNAJ _dAR-FvUNAJ _eaacr2 |
||
| 082 | 1 | 4 | _214 |
| 100 | 1 |
_915963 _aTennina, Lucía |
|
| 245 | 1 | 0 |
_aCrítica anfibia : _bmétodos y espacios de acción de los estudios de la literatura en la contemporaneidad / _cLucía Tennina. |
| 260 |
_aTemperley, Buenos Aires : _bTren en Movimiento, _c2025. |
||
| 300 | _a128 p. | ||
| 440 |
_921951 _aSentidos del libro |
||
| 650 | 0 |
_2unescot _913733 _aLITERATURA LATINOAMERICANA |
|
| 650 | 0 |
_2unescot _91588 _aLITERATURA |
|
| 650 | 0 |
_2unescot _91209 _aCRITICA LITERARIA |
|
| 942 |
_2ddc _cLIBRO |
||
| 999 |
_c11134 _d11134 |
||
| 980 |
_62 _aVirginia Figueroa _82 _gVirginia Figueroa |
||